Management transferu znalostí od prvního nápadu ke komerčně úspěšné inovaci

Gespeichert in:
Bibliographische Detailangaben
1. Verfasser: Pitra, Zbyněk
Weitere Verfasser: Mohelská, Hana
Format: Buch
Sprache:Tschechisch
Englisch
Veröffentlicht: Praha Kamil Mařík - Professional Publishing 2015
Schlagworte:
Tags: Tag hinzufügen
Keine Tags, Fügen Sie das erste Tag hinzu!

MARC

LEADER 00000nam a2200000 4500
001 0199124
005 20240313090024.2
020 |a 978-80-7431-145-1 
041 0 |a cze 
041 0 |a eng 
044 |a CZ 
245 1 0 |a Management transferu znalostí  |b od prvního nápadu ke komerčně úspěšné inovaci  |c Zbyněk Pitra, Hana Mohelská a kolektiv 
264 1 |a Praha  |b Kamil Mařík - Professional Publishing  |c 2015 
300 |a 336 s. 
610 2 0 |a ekonomika znalostná 
610 2 0 |a manažment znalostný 
610 2 0 |a spoločnosť 
610 2 0 |a rozvoj sociálno-ekonomický 
610 2 0 |a kultúra podniková 
610 2 0 |a kolektív pracovný 
610 2 0 |a inovácia 
610 2 0 |a vzdelávanie 
610 2 0 |a stratégia podniková 
610 2 0 |a projekty 
610 2 0 |a zmeny organizačné 
610 2 0 |a transformácia podniku 
610 2 0 |a psychológia 
610 2 0 |a manažéri 
610 2 0 |a tímy pracovné 
610 2 0 |a etika manažérska 
100 1 |a Pitra, Zbyněk 
700 1 |a Mohelská, Hana